Les pays JAMAIS qualifés pour une Coupe du Monde de Football - Statistiques

Statistiques générales
  • Ce quiz a été pris 238 fois
  • Le résultat moyen est 77 sur 114
Statistiques - réponses
Réponses % Correct
Andorre
84%
Zambie
82%
Zimbabwe
82%
Guinée
80%
Pakistan
80%
Soudan
80%
Inde
79%
Lettonie
79%
Lituanie
79%
Afghanistan
78%
Albanie
78%
Estonie
78%
Kazakhstan
78%
Saint Marin
76%
Éthiopie
74%
Liechtenstein
74%
Ouzbékistan
74%
Soudan du sud
74%
Vietnam
74%
Arménie
73%
Géorgie
73%
Guinée équatoriale
73%
Kosovo
73%
Laos
73%
Lesotho
73%
Luxembourg
73%
Madagascar
73%
Yémen
73%
Azerbaïdjan
72%
Kenya
72%
Népal
72%
Oman
72%
Rwanda
72%
Somalie
71%
Turkménistan
71%
Biélorussie
70%
Cambodge
70%
Congo
70%
Djibouti
70%
Érythrée
70%
FIdji
70%
Guinée-Bissau
70%
Chypre
69%
Finlande
69%
Jordanie
69%
Macédoine du Nord
69%
Mauritanie
69%
Mongolie
69%
Tadjikistan
69%
Belize
68%
Bénin
68%
Bhoutan
68%
Cap Vert
68%
Gambie
68%
Guyana
68%
Libye
68%
Mali
68%
Sainte Lucie
68%
Seychelles
68%
Suriname
68%
Tanzanie
68%
Tchad
68%
Malte
67%
Niger
67%
Comores
66%
Eswatini
66%
Liban
66%
Thaïlande
66%
Burundi
65%
Liberia
65%
Moldavie
65%
Syrie
65%
Taïwan
65%
Bangladesh
64%
Birmanie
64%
Gabon
64%
Guatemala
64%
Malaisie
64%
Maldives
64%
Monténégro
64%
Namibie
64%
Tonga
64%
Botswana
63%
Saint-Vincent-et-les-Grenadines
63%
Sri Lanka
63%
Bahamas
62%
Maurice
62%
Vanuatu
62%
Barbade
61%
Burkina Faso
61%
Mozambique
61%
Ouganda
61%
Philippines
61%
République Centrafricaine
61%
Saint-Christophe-et-Niévès
61%
Samoa
61%
Sierra Leone
61%
Singapour
61%
Bahreïn
60%
Nicaragua
60%
République Dominicaine
60%
Venezuela
60%
Antigua-et-Barbuda
59%
Brunei
59%
Papouasie-Nouvelle-Guinée
59%
Sao Tomé-et-Principe
59%
Grenade
57%
Malawi
57%
Dominique
56%
Iles Salomon
56%
Kiribati
56%
Timor Oriental
55%
Tuvalu
54%
Palestine
29%
Aucun quiz correspondant
Distribution des résultats
% des personnes avec chaque résultat
Percentile par nombre de réponses
Votre historique - résultats
Vous n’avez pas pris ce quiz